00628nam a2200181 a 450000100100000000500170001000800410002702000150006804000250008308200160010810000310012424500520015526000550020730000270026259000260028995201140031599900170042900004739520201002060521.0180515s2004 dr a 000 0 spa d a9993492272 aDO-SdBNPbspacBNPHU axxxxbP349a1 aPeña J., Carolina97503610aArdillita 1 :bpreescolar /cCarolina Peña J. aSanto Domingo :bActualidad Escolar 2000,c[s.f.]. a95 p. :bil. ;c28 cm. aInventariado, 2018/LP 0010718PDaPDbPDcHDd2018-05-15iLF1l0oxxxx P349ap47395-10r2020-06-25w2020-06-25yLFPDZNo se presta c46883d46883